000 01163nam0a2200337 i 4500
001 RU\NLR\BIBL_A\011118418
005 20240727015246.0
010 _a9785444427644
_9700
021 _aRU
_b2016-29823
_91924
035 _a(NILC)RuMoRGB-008279723
035 _a(NLR Aleph) 011118418
090 _a11506053
_c11506053
100 _a20160504d2016 u y0rusy50 ca
101 1 _arus
_cfre
102 _aRU
105 _aa|||z|||000ay
200 1 _aГод вулкана
_e[роман]
_fЖан-Франсуа Паро
_g[пер. с фр. Е.В. Морозовой]
210 _aМосква
_cВече
_d2016
215 _a381, [2] с.
_d21
225 1 _aРасследование комиссара королевской полиции Николя Ле Флока
333 _a16+
675 _a821.133.1
686 1 _aШ6(4Фр)67-446{Лх1649-60}
700 1 _aПаро
_bЖ.-Ф.
_f1946-
_gЖан-Франсуа
801 0 _aRU
_bРГБ
_c20160413
_gRCR
801 1 _aRU
_bРГБ
_c20160413
_2rusmarc
942 _cBOOK
980 _aNBR